000 00479pab a2200145 454500
008 180718b xxu||||| |||| 00| 0 eng d
100 _aSarkar Suman
245 _aGrowth perspectives of the Eighth Plan: a two-sector open economy framework
362 _a28(27 & 28), 3-10 Jul 93, p.1453-460
650 _a India -- Economic Policy
650 _a Five Year Plan, Eighth -- India
650 _aEconomic Planning -- India
773 _aEconomic and Political Weekly
909 _a24798
999 _c24798
_d24798